| 000 | 006320000a22002050004500 | ||
|---|---|---|---|
| 001 | 27022 | ||
| 010 | _a972-202909-6 | ||
| 090 | _a27022 | ||
| 100 | _a20070309d2004 m y0pory5003 ba | ||
| 101 | 0 | _apor | |
| 102 | _aPT | ||
| 200 | 1 |
_aAs origens do totalitarismo _fHannah Arendt _gtradução de Roberto Raposo |
|
| 210 |
_aLisboa _cDom Quixote _d2004 |
||
| 215 | _a674 p | ||
| 304 | _aTit. orig.: The origins of totalitarism | ||
| 675 |
_a321.6 _vBN _zpor |
||
| 700 | 1 |
_aArendt _bHannah _f1906-1975 |
|
| 702 | 1 |
_938242 _4730 _aRaposo _bRoberto |
|
| 942 |
_cMON _n0 |
||
| 999 |
_a27022 _bBibliobase - BMTAV _c2019-01-21 |
||